Name the Arcade Game - Statistics

General Stats
  • This quiz has been taken 442 times
  • The average score is 8 of 16
Answer Stats
Picture Answer % Correct
Pac-man
100%
Donkey Kong
95%
Pong
85%
Ms. Pac-man
79%
Space Invaders
75%
Frogger
62%
Asteroids
53%
Q*bert
51%
Galaga
47%
Dig Dug
46%
Mario Bros.
41%
Centipede
31%
Breakout
25%
BurgerTime
20%
Pole Position
20%
Galaxian
14%
No matching quizzes found
Score Distribution
Percent of People with Each Score
Percentile by Number Answered
Your Score History
You have not taken this quiz